000 00554nam a2200181Ia 4500
008 151018s9999 xx 000 0 und d
082 _bRBASDV12038
_a891.463
100 _aवि स खांडेकर
245 _aअस्थी
250 _b1
260 _bअनुपम प्रकाशन केंद्र औरंगाबाद
_c1976
300 _a56
600 _aवि स खांडेकर
630 _aअस्थी
700 _aवि स खांडेकर
730 _aअस्थी
942 _cBOOK
999 _c1014291
_d1014288